00556nam a2200157 a 450000100100000000500170001000800410002702000180006804000250008610000350011124500490014626000590019530000210025495201060027599900170038100003965920201002033650.0130715s2006 xxu 000 0 spa d a9780826216588 aDO-SdBNPbspacBNPHU1 aBowen, Wayne H.,d1968-96584910aSpain during world war II /cWayne H. Bowen. aEstados Unidos :bUniversity of Missouri press,c2006. a279 p. ;c25 cm. 0010507-18MOaGRbGRcOId2013-07-15iLF1l0o p39659-10r2020-06-25w2020-06-25y1ZNo se presta c39149d39149